| 000 | 01114nam a2200373 a 4500 | ||
|---|---|---|---|
| 003 | AR-BaBNM | ||
| 005 | 20251128204815.0 | ||
| 008 | 082120s2002 ||||||||||||||000 | spa|| | ||
| 020 | _a950-9252-11-5 | ||
| 040 | _cAR-BaBNM | ||
| 100 | 1 | _aWalter, Heinz | |
| 245 | 0 | 0 | _aInvestigaciones de arqueólogos alemanes en Bolivia |
| 260 |
_aBuenos Aires _bCentro Argentino de Etnología Americana _c1994 |
||
| 300 |
_a136 p. _bil., gráfs. |
||
| 490 | 0 | _aMankacén | |
| 500 | _aTraducción y prólogo de Alicia A. Fernández Distel | ||
| 500 | _aContiene referencias bibliográficas en p. 93 y 135 | ||
| 650 | 4 | _aINTERPRETACION ARQUEOLOGICA | |
| 650 | 4 | _aEXCAVACIONES ARQUEOLOGICAS | |
| 650 | 4 | _aFOLKLORE | |
| 650 | 4 | _aANTROPOLOGIA CULTURAL Y SOCIAL | |
| 650 | 4 | _aABORIGENES | |
| 650 | 4 | _aCULTURAS LATINOAMERICANAS | |
| 650 | 4 | _aCOSTUMBRES Y TRADICIONES | |
| 650 | 4 | _aABORIGENES SUDAMERICANOS | |
| 650 | 4 | _aARMAS | |
| 650 | 4 | _aCERAMICA | |
| 650 | 4 | _aARQUEOLOGIA | |
| 651 | 4 | _aBolivia | |
| 700 | 1 | _aTrimborn, Hermann | |
| 800 | 1 |
_aCalifano, Mario _edirector |
|
| 942 | _cBK | ||
| 998 | _cMARTIN | ||
| 999 |
_c8908 _d8908 |
||